000 02615nam0a2200445 i 4500
001 RU\NLR\BIBL_A\010764518
005 20260408084615.0
010 _a9785794424652
_9200
021 _aRU
_b2015-26031
_91537
035 _a(NILC)RuMoRGB-007904859
035 _a(NLR Aleph) 010764518
090 _a9994637
_c9994637
100 _a20150522d2014 k y0rusy50 ca
101 0 _arus
_apem
_deng
102 _aRU
105 _ay|||z|||000yy
200 1 _aТрадиционная культура Пермского края в зеркале лексики и фразеологии
_eмонография
_e[сборник]
_fМ-во образования и науки Рос. Федерации, Федер. гос. бюджет. образоват. учреждение высшего проф. образования "Перм. гос. нац. исслед. ун-т"
_g[Боброва М.В. и др.]
_gпод общ. ред. И.И. Русиновой
210 _aПермь
_cИздательский центр Пермского государственного национального исследовательского университета
_d2014
215 _a299 с.
_d20
300 _aЧасть текста на коми-пермяц. яз.
300 _aРез. на англ. яз.
320 _aБиблиогр. в конце ст.
606 _aРусский язык
_xДиалекты
_yПермская область
_91532976
_3RU\NLR\AUTH\66969037
606 1 _aРусский язык
_xЛексикология диалектная
_91546479
_3RU\NLR\AUTH\66975919
606 1 _aКоми-пермяцкий язык
_xФразеология
_92242492
_3RU\NLR\AUTH\6601576798
606 1 _aЭтнолингвистика
_91627375
_3RU\NLR\AUTH\661016864
606 1 _aТрадиционная культура
_yПермский край
_92623825
_3RU\NLR\AUTH\661560385
686 1 _aШ141.12-5
686 1 _aШ166.422-33
686 1 _aШ100.33
686 1 _aТ52(236)
702 1 _aБоброва
_bМ. В.
_gМария Владимировна
_4220
702 1 _4340
_aРусинова
_bИ. И.
_cд-р филол. наук
_gИрина Ивановна
_9165250
_3RU\NLR\AUTH\770165294
712 0 2 _4570
_aПермский государственный национальный исследовательский университет
_3RU\NLR\AUTH\8810198282
_9285379
801 0 _aRU
_bРГБ
_c20150403
_gRCR
801 1 _aRU
_bРГБ
_c20150403
_2rusmarc
942 _cBOOK
980 _aNBR